[Event "26th EUR-ch"]
[Site "Katowice POL"]
[Date "2026.04.13"]
[Round "6.142"]
[White "Elci, Eren"]
[Black "Gagic, Milan"]
[Result "0-1"]
[WhiteElo "2159"]
[BlackElo "2337"]
[EventDate "2026.04.07"]
[PlyCount "60"]

1.d4 g6 2.c4 Bg7 3.e4 d6 4.Nc3 c5 5.Nf3 cxd4 6.Nxd4 Nc6 7.Be3 Nf6 8.Be2 
O-O 9.O-O Bd7 10.Qd2 a6 11.f3 Nxd4 12.Bxd4 Qa5 13.Rab1 Rfc8 14.b4 Qd8 15.
Rfc1 Be6 16.Na4 Nd7 17.Be3 b6 18.f4 Rab8 19.a3 Rc6 20.Bd3 Rbc8 21.Qe2 Qc7 
22.b5 axb5 23.cxb5 Rxc1+ 24.Rxc1 Qxc1+ 25.Bxc1 Rxc1+ 26.Kf2 Ra1 27.Qe3 
Rxa3 28.Nxb6 Nc5 29.Bc4 Rxe3 30.Kxe3 Na4 0-1

[Event "26th EUR-ch"]
[Site "Katowice POL"]
[Date "2026.04.13"]
[Round "6.143"]
[White "Bracker, Frank"]
[Black "Zareba, Piotr"]
[Result "1/2-1/2"]
[WhiteElo "2332"]
[BlackElo "2143"]
[EventDate "2026.04.07"]
[PlyCount "140"]

1.Nf3 Nf6 2.c4 e6 3.g3 d5 4.Bg2 Be7 5.O-O O-O 6.d4 dxc4 7.Qc2 b6 8.Ne5 
Qxd4 9.Bxa8 Qxe5 10.Bf3 Nd5 11.Qxc4 Ba6 12.Qe4 Qxe4 13.Bxe4 Rd8 14.Bxd5 
exd5 15.Bf4 c5 16.Bxb8 Rxb8 17.a4 d4 18.Re1 c4 19.Na3 Bb4 20.Red1 d3 21.e3
Rc8 22.Nb5 Bxb5 23.axb5 Ba5 24.Kg2 f5 25.Rac1 d2 26.Rc2 Kf7 27.Kf3 Ke6 28.
e4 Ke5 29.exf5 Kd4 30.Rcxd2+ Bxd2 31.Rxd2+ Kc5 32.Rd7 Kb4 33.g4 Kb3 34.Rd2
Rc5 35.Ke4 Rxb5 36.f4 Rc5 37.g5 b5 38.f6 gxf6 39.gxf6 b4 40.f7 Rc8 41.Ke5 
c3 42.bxc3 bxc3 43.Rg2 c2 44.Rg1 Kb2 45.Ke6 a5 46.Ke7 a4 47.f8=Q Rxf8 48.
Kxf8 a3 49.f5 a2 50.f6 c1=Q 51.Rxc1 Kxc1 52.f7 a1=Q 53.Kg8 Qa2 54.Kg7 Qb2+
55.Kxh7 Qf6 56.Kg8 Qg6+ 57.Kf8 Kd2 58.h4 Kd3 59.h5 Qh6+ 60.Kg8 Qg5+ 61.Kh7
Qf5+ 62.Kg7 Qe5+ 63.Kg8 Qe6 64.Kg7 Qg4+ 65.Kh7 Qf5+ 66.Kg7 Qg5+ 67.Kh7 Qf6
68.Kg8 Qe6 69.Kg7 Qe5+ 70.Kg8 Qg5+ 1/2-1/2

[Event "26th EUR-ch"]
[Site "Katowice POL"]
[Date "2026.04.13"]
[Round "6.144"]
[White "Pietruszewski, Marcin"]
[Black "Krasteva, Beloslava"]
[Result "1-0"]
[WhiteElo "2127"]
[BlackElo "2332"]
[EventDate "2026.04.07"]
[PlyCount "103"]

1.d4 Nf6 2.c4 d6 3.Nc3 g6 4.g3 Bg7 5.Bg2 O-O 6.Nf3 c6 7.O-O Bf5 8.Nh4 Be6 
9.d5 cxd5 10.cxd5 Bd7 11.Be3 Na6 12.Bd4 b5 13.a3 Nc5 14.b4 Na4 15.Nxa4 
bxa4 16.Qd3 a6 17.Rfc1 Bb5 18.Qd1 Qd7 19.Nf3 Rac8 20.Bb2 Bc4 21.Nd2 Bb5 
22.Nf3 e6 23.dxe6 fxe6 24.Rxc8 Rxc8 25.Bh3 Bc4 26.Rc1 Bb3 27.Rxc8+ Qxc8 
28.Qa1 Ne8 29.Bxg7 Nxg7 30.Ng5 Qd8 31.Ne4 Bc2 32.Qd4 Bxe4 33.Qxe4 Qc8 34.
Qd3 d5 35.e3 Qa8 36.Qc2 Qe8 37.Bf1 Nf5 38.Bxa6 d4 39.e4 Nd6 40.e5 Nf5 41.
Qc8 Qxc8 42.Bxc8 Kf7 43.Kf1 Ne7 44.Bd7 Nd5 45.Bxa4 Nc3 46.Bc2 Ke7 47.Ke1 
Nb5 48.a4 Nc7 49.b5 Nd5 50.Kd2 Kd8 51.Bb3 Nc7 52.Kd3 1-0

[Event "26th EUR-ch"]
[Site "Katowice POL"]
[Date "2026.04.13"]
[Round "6.145"]
[White "Lewtak, Damian"]
[Black "Rzap, Filip"]
[Result "1/2-1/2"]
[WhiteElo "2331"]
[BlackElo "2121"]
[EventDate "2026.04.07"]
[PlyCount "25"]

1.e4 e5 2.Nf3 Nc6 3.Bc4 Bc5 4.d3 Nf6 5.a4 a5 6.O-O O-O 7.Nc3 h6 8.Be3 Bxe3
9.fxe3 d6 10.Qe1 Be6 11.Bxe6 fxe6 12.d4 Qe8 13.Qg3 1/2-1/2

[Event "26th EUR-ch"]
[Site "Katowice POL"]
[Date "2026.04.13"]
[Round "6.146"]
[White "Krawczyk, Flawian"]
[Black "Hury, Tymoteusz"]
[Result "1-0"]
[WhiteElo "2329"]
[BlackElo "2115"]
[EventDate "2026.04.07"]
[PlyCount "81"]

1.c4 e5 2.g3 d6 3.Bg2 f5 4.d4 Be7 5.e4 Nc6 6.d5 Nd4 7.Ne2 Nxe2 8.Qxe2 fxe4
9.Nc3 Nf6 10.h3 O-O 11.g4 a5 12.g5 Nd7 13.Nxe4 b6 14.h4 Nc5 15.Ng3 Bd7 16.
b3 Qc8 17.Be3 Bg4 18.f3 Bd7 19.O-O Qe8 20.f4 exf4 21.Bxf4 Qg6 22.Rad1 Qe8 
23.Rde1 Rf7 24.Qd2 Bg4 25.g6 hxg6 26.Bg5 Bf5 27.Nxf5 gxf5 28.Bf3 g6 29.h5 
Rg7 30.Bf6 Qf8 31.Bxg7 Qxg7 32.hxg6 Bh4 33.Re2 Bg3 34.Qg5 Be5 35.Qxf5 Rf8 
36.Qh5 Bd4+ 37.Kh1 Be5 38.Bg2 Nd3 39.Qh7+ Qxh7+ 40.gxh7+ Kg7 41.Rxf8 1-0

[Event "26th EUR-ch"]
[Site "Katowice POL"]
[Date "2026.04.13"]
[Round "6.147"]
[White "Hercegovac, Neven"]
[Black "Blanquet, Camille"]
[Result "1-0"]
[WhiteElo "2325"]
[BlackElo "2107"]
[EventDate "2026.04.07"]
[PlyCount "61"]

1.e4 c6 2.d4 d5 3.exd5 cxd5 4.Bd3 Nc6 5.c3 Qc7 6.h3 e5 7.dxe5 Nxe5 8.Bc2 
Bd6 9.Nf3 Nxf3+ 10.Qxf3 Ne7 11.Be3 Be6 12.Nd2 Ng6 13.Ba4+ Kf8 14.O-O h6 
15.Rad1 Kg8 16.Bc2 Ne5 17.Qe2 f5 18.Bd4 Re8 19.Nf3 Ng6 20.Bxf5 Bxf5 21.
Qxe8+ Kh7 22.Qe3 Bf4 23.Qe2 Qc8 24.Rd3 Re8 25.Qd1 Qc4 26.Re1 Bxd3 27.Rxe8 
Be4 28.g3 Qb5 29.Rxe4 dxe4 30.gxf4 Qh5 31.Ng5+ 1-0

[Event "26th EUR-ch"]
[Site "Katowice POL"]
[Date "2026.04.13"]
[Round "6.148"]
[White "Gbiorczyk, Mikolaj"]
[Black "Grebeniuk, Semen"]
[Result "1-0"]
[WhiteElo "2116"]
[BlackElo "2324"]
[EventDate "2026.04.07"]
[PlyCount "79"]

1.e4 e6 2.d4 d5 3.e5 c5 4.c3 Nc6 5.Nf3 Bd7 6.Be2 c4 7.h4 f6 8.Bf4 Nh6 9.
Nbd2 Nf7 10.exf6 gxf6 11.Nf1 Bd6 12.Qd2 Qc7 13.Bxd6 Qxd6 14.b3 b5 15.a4 
Na5 16.bxc4 bxc4 17.Bd1 Rb8 18.Ne3 Nb3 19.Bxb3 cxb3 20.O-O b2 21.Rab1 Qa3 
22.Nd1 Qxa4 23.Rxb2 Rxb2 24.Qxb2 Qb5 25.Qa3 a5 26.Ne3 Rg8 27.Nf5 exf5 28.
Re1+ Kd8 29.Qe7+ Kc8 30.Qxf7 Re8 31.Ra1 Qb2 32.Rxa5 Qc1+ 33.Kh2 Qf4+ 34.
Kh1 Qc1+ 35.Kh2 Qf4+ 36.Kh1 Qc1+ 37.Ng1 Re1 38.Qf8+ Kb7 39.Qb4+ Kc7 40.
Qc5+ 1-0

[Event "26th EUR-ch"]
[Site "Katowice POL"]
[Date "2026.04.13"]
[Round "6.149"]
[White "Warchol, Kamil"]
[Black "Szente Varga, Fruzsina"]
[Result "1/2-1/2"]
[WhiteElo "2322"]
[BlackElo "2078"]
[EventDate "2026.04.07"]
[PlyCount "82"]

1.e4 c5 2.Nf3 Nc6 3.d4 cxd4 4.Nxd4 g6 5.c4 Nf6 6.Nc3 d6 7.Be2 Nxd4 8.Qxd4 
Bg7 9.Be3 O-O 10.Qd2 a5 11.O-O a4 12.Rad1 Qa5 13.Bd4 Be6 14.f4 Rfc8 15.b3 
axb3 16.axb3 Qb4 17.f5 Bd7 18.Bxf6 Bxf6 19.Nd5 Qxd2 20.Nxf6+ exf6 21.Rxd2 
Bc6 22.fxg6 hxg6 23.Rxf6 Bxe4 24.Rfxd6 Ra1+ 25.Bd1 Kg7 26.h3 Rb1 27.R6d4 
f5 28.Kf2 Ra8 29.Ke3 Kf6 30.h4 Ke5 31.g3 Ra3 32.Rd8 Bc6 33.Kf2 Rc1 34.R8d6
Raa1 35.Ke2 Rc3 36.R6d3 Rxd3 37.Kxd3 Rc1 38.Ke3 Be4 39.Rd8 Rc3+ 40.Kf2 Bc6
41.Rg8 Kf6 1/2-1/2

[Event "26th EUR-ch"]
[Site "Katowice POL"]
[Date "2026.04.13"]
[Round "6.150"]
[White "Odabasi, Ruzgar"]
[Black "Yilmaz, Baver"]
[Result "0-1"]
[WhiteElo "2065"]
[BlackElo "2321"]
[EventDate "2026.04.07"]
[PlyCount "142"]

1.Nf3 Nf6 2.g3 b6 3.Bg2 Bb7 4.O-O g6 5.c4 Bg7 6.Nc3 O-O 7.d4 Ne4 8.Qc2 
Nxc3 9.Qxc3 c5 10.Qd3 cxd4 11.Nxd4 Bxg2 12.Kxg2 d5 13.Nf3 d4 14.b4 Nc6 15.
b5 Na5 16.Bf4 Re8 17.Be5 f6 18.Bxd4 e5 19.Be3 e4 20.Qc2 exf3+ 21.exf3 Qc7 
22.c5 bxc5 23.Qxc5 Qxc5 24.Bxc5 Re5 25.Rac1 Rd8 26.Bxa7 Rxb5 27.Rc5 Rxc5 
28.Bxc5 Rc8 29.Bb4 Nc4 30.Re1 Bf8 31.Bc3 Kf7 32.h4 Nb6 33.Bd4 Nd5 34.Rb1 
Rc4 35.Rb7+ Be7 36.Bb2 Rb4 37.Rxb4 Bxb4 38.Bd4 Nc3 39.a3 Ba5 40.f4 f5 41.
Bc5 h5 42.Kf3 Ke6 43.Be3 Nb5 44.Bc5 Kd5 45.Bf8 Nd4+ 46.Kg2 Kc4 47.Be7 Kb3 
48.Bc5 Nc2 49.Kf3 Nxa3 50.Ke3 Nc2+ 51.Kd3 Bc3 52.Bb6 Nb4+ 53.Ke2 Kc4 54.
Ba7 Nc6 55.Bb6 Nd4+ 56.Ke3 Bb2 57.Kd2 Kd5 58.Kd3 Ne6 59.Ba5 Nc5+ 60.Ke3 
Bd4+ 61.Ke2 Ne4 62.Be1 Kc4 63.f3 Nc3+ 64.Kd2 Nb5 65.Ke2 Bc3 66.Bf2 Nd4+ 
67.Ke3 Bb2 68.Bg1 Bc1+ 69.Kf2 Kd3 70.Kg2 Be3 71.Bf2 Ke2 0-1

[Event "26th EUR-ch"]
[Site "Katowice POL"]
[Date "2026.04.13"]
[Round "6.151"]
[White "Dovbysh, Timur"]
[Black "Hnydiuk, Aleksander"]
[Result "0-1"]
[WhiteElo "1984"]
[BlackElo "2314"]
[EventDate "2026.04.07"]
[PlyCount "88"]

1.e4 c5 2.Nc3 Nc6 3.Bb5 Nd4 4.Nf3 e6 5.O-O a6 6.Bd3 Nc6 7.Nd5 g6 8.c3 Bg7 
9.Ne3 Nge7 10.Bc2 d5 11.exd5 exd5 12.d4 cxd4 13.cxd4 Be6 14.b3 Qb6 15.Bb2 
O-O 16.Rc1 Rfd8 17.Qd2 Nc8 18.Rfd1 Nd6 19.Ng5 Nb5 20.Nf3 Bf8 21.Ng5 Bg7 
22.Nf3 Bh6 23.h3 Qa5 24.Qxa5 Nxa5 25.Bd3 Nc6 26.Kf1 Rac8 27.Bb1 Nd6 28.Re1
Ne4 29.Rcd1 f5 30.Rc1 Na7 31.Ke2 Nb5 32.Rxc8 Rxc8 33.Nd1 Bc1 34.Ba1 Ba3 
35.Bd3 Rc1 36.Bxb5 Rxa1 37.Bd3 Bb4 38.Rf1 f4 39.Rg1 Rxa2+ 40.Kf1 Bf5 41.
Be2 Ra1 42.g4 fxg3 43.Kg2 gxf2 44.Nxf2 Ra2 0-1

[Event "26th EUR-ch"]
[Site "Katowice POL"]
[Date "2026.04.13"]
[Round "6.152"]
[White "Diachek, Andrii"]
[Black "Walaszczyk, Aleksander"]
[Result "1/2-1/2"]
[WhiteElo "2309"]
[BlackElo "1879"]
[EventDate "2026.04.07"]
[PlyCount "98"]

1.Nf3 Nf6 2.c4 e6 3.g3 d5 4.Bg2 d4 5.O-O Nc6 6.d3 Be7 7.Na3 e5 8.Nc2 a5 9.
b3 O-O 10.a3 Re8 11.Nd2 Nb8 12.Rb1 c5 13.b4 axb4 14.axb4 Nbd7 15.b5 Ra7 
16.e4 dxe3 17.Nxe3 b6 18.Bb2 Qc7 19.Ra1 Rxa1 20.Qxa1 Bd6 21.Re1 Bb7 22.
Bxb7 Qxb7 23.Nf5 Bc7 24.f4 Qb8 25.Ne4 Nxe4 26.dxe4 f6 27.Qd1 Nf8 28.Qd5+ 
Ne6 29.fxe5 Bxe5 30.Bxe5 Qxe5 31.Qxe5 fxe5 32.Ra1 Nd4 33.Ne3 Nf3+ 34.Kg2 
Nd2 35.Ra7 Kf8 36.Nf5 Nxc4 37.Kf3 g6 38.Ne3 Nd2+ 39.Kg2 Nxe4 40.Rxh7 Nc3 
41.Rb7 Re6 42.Nc4 Nxb5 43.Nxb6 Nd6 44.Nd7+ Ke7 45.Ra7 Nb5 46.Rb7 Nd6 47.
Ra7 Nb5 48.Rb7 Nd6 49.Ra7 Nb5 1/2-1/2

[Event "26th EUR-ch"]
[Site "Katowice POL"]
[Date "2026.04.13"]
[Round "6.153"]
[White "Frankiv, Oleksandr"]
[Black "Dovgaliuk, Oleksandr"]
[Result "1/2-1/2"]
[WhiteElo "1892"]
[BlackElo "2309"]
[EventDate "2026.04.07"]
[PlyCount "117"]

1.e4 c5 2.Nf3 d6 3.d4 cxd4 4.Nxd4 Nf6 5.Nc3 Nc6 6.Be2 e5 7.Nb3 Be7 8.Be3 
O-O 9.Qd2 Be6 10.O-O-O a5 11.a4 Nb4 12.f3 Rc8 13.g4 d5 14.g5 Nxe4 15.fxe4 
d4 16.Nxd4 exd4 17.Qxd4 Qc7 18.Rd2 Rfd8 19.Qb6 Qxb6 20.Bxb6 Bxg5 21.Bxd8 
Rxd8 22.Nb1 Rc8 23.c4 Bxc4 24.Bxc4 Rxc4+ 25.Kd1 Bxd2 26.Nxd2 Rc2 27.b3 Rc3
28.Rf1 Nd3 29.Rf3 f6 30.Ke2 Nc1+ 31.Kf2 Rxf3+ 32.Kxf3 g5 33.Kg4 Kg7 34.Kf5
h6 35.h3 Kf7 36.Nc4 Nxb3 37.Nd6+ Kg7 38.Nxb7 Nd4+ 39.Kg4 Kg6 40.Nxa5 h5+ 
41.Kg3 Ne2+ 42.Kf3 Nc3 43.Nc6 Nxa4 44.e5 Nc5 45.Ne7+ Kf7 46.exf6 Kxf6 47.
Nd5+ Ke5 48.Ne3 Ne6 49.Ng4+ Kf5 50.Ne3+ Kg6 51.Kg3 h4+ 52.Kg4 Nd4 53.Nc4 
Nc6 54.Kf3 Kh5 55.Ke4 Ne7 56.Ne3 Ng6 57.Nd5 g4 58.Nf6+ Kg5 59.Nxg4 1/2-1/2

[Event "26th EUR-ch"]
[Site "Katowice POL"]
[Date "2026.04.13"]
[Round "6.154"]
[White "Kyparissopoulos, Spyridon"]
[Black "Lopez Martinez, Josep Manuel"]
[Result "1/2-1/2"]
[WhiteElo "2133"]
[BlackElo "2510"]
[EventDate "2026.04.07"]
[PlyCount "116"]

1.d4 Nf6 2.c4 d6 3.Nc3 e5 4.d5 Be7 5.e4 O-O 6.Bd3 Ne8 7.Nge2 Bg5 8.O-O 
Bxc1 9.Rxc1 a5 10.a3 Na6 11.Bb1 Bd7 12.Bc2 g6 13.Qd2 Ng7 14.f4 exf4 15.
Qxf4 Qe7 16.Nd4 Rae8 17.Rce1 f6 18.Qd2 Ra8 19.Nd1 a4 20.Nc3 Nc5 21.Ndb5 
Bxb5 22.Nxb5 Rf7 23.Nc3 Qd7 24.Rf3 f5 25.Ref1 Raf8 26.exf5 Nxf5 27.Ne4 
Nxe4 28.Bxe4 Ne7 29.Rxf7 Rxf7 30.Rxf7 Kxf7 31.Qf4+ Kg7 32.Bd3 Ng8 33.h3 
Nf6 34.Qe3 c6 35.dxc6 bxc6 36.Bc2 Qb7 37.Bxa4 Qxb2 38.Bxc6 Kf7 39.Qa7+ Ke6
40.Qe3+ Kf7 41.a4 h5 42.Bd5+ Nxd5 43.cxd5 Qa1+ 44.Kh2 Qxa4 45.Qe6+ Kg7 46.
Qe7+ Kh6 47.Qf8+ Kg5 48.Qe7+ Kf5 49.Qe6+ Kg5 50.Qxd6 Qe4 51.Qd8+ Kf5 52.
Qf8+ Kg5 53.d6 Qe5+ 54.g3 Qe2+ 55.Kg1 Qd1+ 56.Kf2 Qd2+ 57.Kf3 Qd3+ 58.Kg2 
Qd2+ 1/2-1/2

[Event "26th EUR-ch"]
[Site "Katowice POL"]
[Date "2026.04.13"]
[Round "6.155"]
[White "Ioannidis, Evgenios"]
[Black "Witczak, Borys"]
[Result "1-0"]
[WhiteElo "2487"]
[BlackElo "2160"]
[EventDate "2026.04.07"]
[PlyCount "69"]

1.c4 e6 2.Nc3 Bb4 3.e4 c5 4.Qg4 Kf8 5.Nf3 Nc6 6.Be2 Nf6 7.Qh4 d6 8.O-O Ba5
9.d3 Qd7 10.Bd1 Bd8 11.Qg3 e5 12.Nh4 Qe7 13.Nf5 Bxf5 14.exf5 Nd4 15.Qh3 
Qd7 16.f4 b5 17.Nxb5 Nxb5 18.cxb5 Bb6 19.Kh1 Qxb5 20.fxe5 dxe5 21.Bb3 e4 
22.Bc4 Qd7 23.b3 h5 24.Bb2 Ng4 25.dxe4 Bc7 26.e5 Qd2 27.Bc3 Nf2+ 28.Rxf2 
Qxf2 29.Rf1 Qc2 30.f6 g5 31.Qd7 Rh7 32.Bd3 Qxc3 33.Qe7+ Kg8 34.Bxh7+ Kh8 
35.Qxf7 1-0

[Event "26th EUR-ch"]
[Site "Katowice POL"]
[Date "2026.04.13"]
[Round "6.156"]
[White "Tezcan, Alper"]
[Black "Karsay, Pascal"]
[Result "1-0"]
[WhiteElo "2122"]
[BlackElo "2412"]
[EventDate "2026.04.07"]
[PlyCount "119"]

1.e4 e5 2.Nf3 Nc6 3.Nc3 Nf6 4.d4 exd4 5.Nxd4 Bb4 6.Nxc6 bxc6 7.Bd3 O-O 8.
O-O d5 9.exd5 cxd5 10.Bg5 c6 11.Qf3 h6 12.Bxf6 Qxf6 13.Qxf6 gxf6 14.Ne2 
Rb8 15.Ng3 Be6 16.Nf5 c5 17.Ne7+ Kg7 18.Nc6 Rb6 19.Nxb4 Rxb4 20.b3 a5 21.
Rfd1 Rb6 22.h3 a4 23.Be2 d4 24.Rd3 Ra8 25.Rc1 Kf8 26.Kf1 Bf5 27.Rd2 axb3 
28.axb3 Ra2 29.Bd3 Be6 30.Rdd1 Rb7 31.Re1 Rba7 32.Rb1 Bd5 33.f3 Be6 34.Kf2
Ke7 35.Kg3 Kf8 36.Kf4 Kg7 37.g4 Kf8 38.Kg3 Bd5 39.f4 R2a3 40.Kh4 Rc7 41.
Kh5 Kg7 42.Re8 Bg2 43.Rbe1 c4 44.bxc4 Rxc4 45.Rd8 Bc6 46.Rb1 Rc5+ 47.f5 
Rd5 48.Rc8 Bb5 49.Kh4 Bd7 50.Rc7 Ra8 51.Be4 Raa5 52.Bxd5 Rxd5 53.Rbb7 Be8 
54.Rb8 Bd7 55.Rd8 Bc6 56.Rxd5 Bxd5 57.Kg3 h5 58.Rc5 Be4 59.Rc4 Kh6 60.Kf4 
1-0

[Event "26th EUR-ch"]
[Site "Katowice POL"]
[Date "2026.04.13"]
[Round "6.157"]
[White "Kuegel, Tobias"]
[Black "Kovalskyi, Roman"]
[Result "1/2-1/2"]
[WhiteElo "2398"]
[BlackElo "2159"]
[EventDate "2026.04.07"]
[PlyCount "164"]

1.e4 c5 2.d4 cxd4 3.Qxd4 Nc6 4.Qd3 d6 5.Nc3 Nf6 6.Nf3 a6 7.Nd5 Nd7 8.c3 e6
9.Nf4 Be7 10.Be2 b5 11.O-O Bb7 12.Rd1 O-O 13.Be3 Qc7 14.Nh5 Rfd8 15.Bf4 
Nc5 16.Qe3 e5 17.Bg5 f6 18.Bh4 Rf8 19.Ng3 g5 20.Nf5 gxh4 21.N3xh4 Ne6 22.
a4 Rfb8 23.axb5 axb5 24.Bxb5 Bf8 25.Bc4 Nd8 26.Rxa8 Bxa8 27.b3 Kh8 28.Qh3 
Bxe4 29.Ng6+ Kg8 30.Nxf8 Kxf8 31.Nxd6 Ng5 32.Qh6+ Qg7 33.Qxg7+ Kxg7 34.h4 
Bc2 35.Rd2 Bxb3 36.Bxb3 Rxb3 37.hxg5 Ne6 38.gxf6+ Kxf6 39.f3 Rb1+ 40.Kf2 
Rc1 41.Ne4+ Kf5 42.Ng3+ Kf6 43.Ne2 Ra1 44.Rb2 Ra6 45.Ke3 Rd6 46.Ng3 Rd5 
47.Ne4+ Kg6 48.Rb6 Kf7 49.g3 h5 50.Ra6 Ng7 51.c4 Rd4 52.c5 Nf5+ 53.Ke2 Ke7
54.Ra7+ Rd7 55.Ra8 h4 56.gxh4 Nxh4 57.Rh8 Ng6 58.Rh7+ Kd8 59.Rh6 Nf4+ 60.
Kf2 Rd1 61.Rh7 Rc1 62.Rh8+ Ke7 63.Rh7+ Kd8 64.Rh6 Nd3+ 65.Ke3 Nxc5 66.Rc6 
Nb3 67.Re6 Na5 68.Nf6 Rc6 69.Re8+ Kc7 70.Ng4 Nc4+ 71.Kd3 Kd7 72.Rxe5 Nd6 
73.Nf6+ Kd8 74.Re6 Rb6 75.Kc2 Kc7 76.Kd3 Rb3+ 77.Ke2 Nf5 78.Nd5+ Kd7 79.
Rf6 Nd4+ 80.Kd2 Nxf3+ 81.Kc2 Nd4+ 82.Kd2 Nf3+ 1/2-1/2

[Event "26th EUR-ch"]
[Site "Katowice POL"]
[Date "2026.04.13"]
[Round "6.158"]
[White "Rybackova, Lucie"]
[Black "Paikens, Reinis"]
[Result "0-1"]
[WhiteElo "2157"]
[BlackElo "2302"]
[EventDate "2026.04.07"]
[PlyCount "137"]

1.c4 c5 2.Nf3 g6 3.g3 Bg7 4.Bg2 Nc6 5.O-O d6 6.Nc3 Bf5 7.a3 Qd7 8.b4 Bh3 
9.Rb1 Bxg2 10.Kxg2 h5 11.h4 Bxc3 12.dxc3 b6 13.Qd3 Nf6 14.Bg5 Qe6 15.Bxf6 
Qxf6 16.Qe4 Rc8 17.Rfd1 O-O 18.Rd3 Nd8 19.Ng5 Ne6 20.Re3 cxb4 21.Rxb4 Nxg5
22.hxg5 Qxg5 23.Qxe7 Qxe7 24.Rxe7 a5 25.Rxb6 Rxc4 26.Ra6 Rxc3 27.Rxa5 Rc5 
28.Raa7 Re5 29.Rxe5 dxe5 30.Ra5 e4 31.a4 Re8 32.Rb5 Rc8 33.Rb4 f5 34.a5 
Ra8 35.Rb5 Kf7 36.Rb7+ Kg8 37.Rb5 Kf7 38.Kh3 Kf6 39.Rb6+ Kg5 40.a6 Ra7 41.
Kg2 Rc7 42.Rb4 Ra7 43.Ra4 Kf6 44.Kf1 g5 45.Ke1 Ke6 46.Ra5 Kf6 47.Ra3 Ke6 
48.Kd2 h4 49.gxh4 gxh4 50.Ke1 Kf6 51.Kf1 Kg5 52.Kg2 Kg4 53.Ra5 h3+ 54.Kh2 
f4 55.Ra4 Kf5 56.Ra3 Kg4 57.Ra5 Kh4 58.Ra4 Kg4 59.Ra3 Kg5 60.Kxh3 Rh7+ 61.
Kg2 Ra7 62.Ra5+ Kg4 63.f3+ exf3+ 64.exf3+ Kh4 65.Kf2 Rg7 66.a7 Rg2+ 67.Kf1
Rb2 68.a8=Q Rb1+ 69.Ke2 0-1

[Event "26th EUR-ch"]
[Site "Katowice POL"]
[Date "2026.04.13"]
[Round "6.159"]
[White "Flak, Pawel"]
[Black "Tsaknakis, Zisis"]
[Result "0-1"]
[WhiteElo "2111"]
[BlackElo "2307"]
[EventDate "2026.04.07"]
[PlyCount "64"]

1.d4 d5 2.Nf3 Nf6 3.g3 e6 4.Bg2 Be7 5.c4 O-O 6.O-O a5 7.Nc3 c6 8.b3 b6 9.
cxd5 cxd5 10.Ne5 Ba6 11.a4 Nfd7 12.Bb2 Nxe5 13.dxe5 Nc6 14.Nb5 Qd7 15.f4 
Bxb5 16.axb5 Nb4 17.Be4 Qxb5 18.Bb1 Bc5+ 19.Kh1 Qc6 20.Rf3 d4 21.g4 f6 22.
exf6 Rxf6 23.Bc1 Raf8 24.Kg2 Rxf4 25.Bxf4 Rxf4 26.h3 Nd5 27.Qd3 g6 28.Kf2 
Nb4 29.Qd2 d3+ 30.Kg3 Rxf3+ 31.exf3 Qd6+ 32.Qf4 Bf2+ 0-1

[Event "26th EUR-ch"]
[Site "Katowice POL"]
[Date "2026.04.13"]
[Round "6.160"]
[White "Piddubna, Bozhena"]
[Black "Balinski, Damian"]
[Result "1/2-1/2"]
[WhiteElo "2301"]
[BlackElo "2154"]
[EventDate "2026.04.07"]
[PlyCount "73"]

1.d4 d5 2.c4 c6 3.Nf3 Nf6 4.Qc2 dxc4 5.Qxc4 Bf5 6.Nc3 Nbd7 7.g3 e6 8.Bg2 
Be7 9.O-O O-O 10.Re1 Bg6 11.a3 Ne4 12.Bf4 Qb6 13.Qa2 Rfd8 14.Be3 Qa5 15.
Rac1 Nxc3 16.bxc3 Qxa3 17.Qd2 a5 18.Bf4 Nc5 19.Ra1 Nb3 20.Rxa3 Nxd2 21.Ra2
Nc4 22.Rea1 Be4 23.Ne5 Bxg2 24.Kxg2 Nxe5 25.Bxe5 f6 26.Bc7 Rdc8 27.Bxa5 c5
28.Bb6 Rxa2 29.Rxa2 cxd4 30.cxd4 Rc6 31.Rb2 Rc4 32.Bc5 Bxc5 33.dxc5 Rxc5 
34.Rxb7 h5 35.h4 Kh7 36.Rb6 e5 37.Ra6 1/2-1/2

[Event "26th EUR-ch"]
[Site "Katowice POL"]
[Date "2026.04.13"]
[Round "6.161"]
[White "Niezhentsev, Kyrylo"]
[Black "Zadrapova, Amalie"]
[Result "1/2-1/2"]
[WhiteElo "2293"]
[BlackElo "2139"]
[EventDate "2026.04.07"]
[PlyCount "129"]

1.e4 c5 2.Nf3 d6 3.d4 cxd4 4.Nxd4 Nf6 5.Nc3 Nc6 6.Bg5 e6 7.Bb5 Bd7 8.Bxc6 
bxc6 9.Qd3 Be7 10.O-O-O Rb8 11.Nb3 Qc7 12.e5 dxe5 13.Bxf6 gxf6 14.Ne4 f5 
15.Nec5 Bc8 16.a4 Rg8 17.f3 Rg6 18.Rhe1 Kf8 19.Re2 Kg8 20.g3 Kh8 21.Nd7 
Bxd7 22.Qxd7 Bg5+ 23.Kb1 Rb7 24.Qxc7 Rxc7 25.Rxe5 Rg8 26.Rc5 Be7 27.Rc4 c5
28.f4 h5 29.Rd3 h4 30.Nd2 hxg3 31.hxg3 Kh7 32.a5 Rb8 33.c3 Rcb7 34.b3 Kg7 
35.Ra4 Kf6 36.a6 Rc7 37.Kc2 Rh8 38.Nc4 Rh2+ 39.Rd2 Rxd2+ 40.Kxd2 Rc6 41.
Kd3 Rc8 42.Ke2 Bd8 43.Nd6 Rc6 44.Nb5 Bb6 45.Ra1 Ke7 46.Na3 Bc7 47.Nc4 f6 
48.Kd3 e5 49.fxe5 fxe5 50.Rh1 Rxa6 51.Rh7+ Kd8 52.Rh8+ Kd7 53.Rh7+ Kc8 54.
Rf7 f4 55.gxf4 exf4 56.Ke4 Rg6 57.Kd5 Kb7 58.Kxc5 Rg5+ 59.Kd4 Kc6 60.b4 a6
61.Rf6+ Kb7 62.Rf7 Kc6 63.Rf6+ Kb7 64.Rf7 Kc6 65.Ke4 1/2-1/2

[Event "26th EUR-ch"]
[Site "Katowice POL"]
[Date "2026.04.13"]
[Round "6.162"]
[White "Ilko-Toth, Andras"]
[Black "Basdar, Atakan"]
[Result "1/2-1/2"]
[WhiteElo "2283"]
[BlackElo "2125"]
[EventDate "2026.04.07"]
[PlyCount "57"]

1.d4 d5 2.Nf3 Nf6 3.g3 c5 4.Bg2 Nc6 5.O-O e6 6.c4 dxc4 7.dxc5 Qxd1 8.Rxd1 
Bxc5 9.Nbd2 c3 10.bxc3 O-O 11.Nb3 Be7 12.c4 Bd7 13.Bb2 Rfc8 14.c5 Be8 15.
Nfd4 Nxd4 16.Rxd4 Bc6 17.Rad1 Kf8 18.Rc4 b6 19.Rdc1 Bxg2 20.Kxg2 bxc5 21.
Nxc5 Rd8 22.Nd3 Nd5 23.R1c2 f6 24.Bd4 Nb6 25.Bxb6 axb6 26.Rc6 Rd6 27.Rc8+ 
Rxc8 28.Rxc8+ Kf7 29.a4 1/2-1/2

[Event "26th EUR-ch"]
[Site "Katowice POL"]
[Date "2026.04.13"]
[Round "6.163"]
[White "Varga, Csaba Zoltan"]
[Black "Zeissel, Andrzej"]
[Result "1-0"]
[WhiteElo "2280"]
[BlackElo "2117"]
[EventDate "2026.04.07"]
[PlyCount "59"]

1.f3 e5 2.Nc3 d5 3.d4 exd4 4.Qxd4 Be6 5.e4 Nc6 6.Bb5 dxe4 7.Bxc6+ bxc6 8.
Qxe4 Qd7 9.Bg5 Rb8 10.Rd1 Bd6 11.Qd4 f6 12.Bc1 c5 13.Qf2 Qc6 14.Nge2 Ne7 
15.O-O O-O 16.Rfe1 Bf7 17.Ne4 Rfe8 18.b3 c4 19.Nd4 Qa6 20.Nxd6 cxd6 21.Qg3
Ng6 22.Nf5 Qxa2 23.Nxd6 Rxe1+ 24.Rxe1 Rf8 25.bxc4 Bxc4 26.h4 Kh8 27.h5 Ne5
28.Rxe5 fxe5 29.h6 Rg8 30.Nf5 1-0

[Event "26th EUR-ch"]
[Site "Katowice POL"]
[Date "2026.04.13"]
[Round "6.164"]
[White "Hryzlova, Sofiia"]
[Black "Gajdzica, Maciej"]
[Result "1-0"]
[WhiteElo "2278"]
[BlackElo "2110"]
[EventDate "2026.04.07"]
[PlyCount "103"]

1.e4 e5 2.Nf3 Nc6 3.Bc4 Nf6 4.d3 Be7 5.O-O O-O 6.Nc3 d6 7.a4 Na5 8.Ba2 c5 
9.Bg5 Nc6 10.Bxf6 Bxf6 11.Nd5 g6 12.Qd2 Bg7 13.Qg5 Be6 14.Qxd8 Raxd8 15.c3
h6 16.h3 Kh7 17.Ne1 f5 18.Nc2 f4 19.f3 g5 20.Kf2 h5 21.Rh1 Bg8 22.b4 b6 
23.Nc7 cxb4 24.Nxb4 Nxb4 25.cxb4 Rc8 26.Rhc1 Bxa2 27.Rxa2 d5 28.Rac2 dxe4 
29.dxe4 Bf6 30.Nd5 Rxc2+ 31.Rxc2 Kg7 32.Rc6 Rf7 33.Ke2 Be7 34.Re6 Bf6 35.
b5 Rf8 36.Nxf6 Rxf6 37.Rxe5 Kg6 38.Re7 Rd6 39.Rxa7 Rd4 40.Ra6 Kf7 41.Rxb6 
Rxa4 42.Rh6 Ra2+ 43.Kf1 Ra1+ 44.Kf2 Ra2+ 45.Kg1 Ra1+ 46.Kh2 h4 47.Rh8 Rb1 
48.Rb8 Ke6 49.b6 Kd6 50.b7 g4 51.hxg4 h3 52.Rd8+ 1-0

[Event "26th EUR-ch"]
[Site "Katowice POL"]
[Date "2026.04.13"]
[Round "6.165"]
[White "Yasmo, Daniil"]
[Black "Palamarchuk, Andriy"]
[Result "0-1"]
[WhiteElo "2271"]
[BlackElo "2110"]
[EventDate "2026.04.07"]
[PlyCount "102"]

1.e4 d6 2.d4 Nf6 3.Nc3 e5 4.Nf3 Nbd7 5.Rg1 Be7 6.g4 h6 7.h4 exd4 8.Qxd4 
Ne5 9.Nxe5 dxe5 10.Qxe5 O-O 11.Bxh6 gxh6 12.g5 Ng4 13.gxh6 Bf6 14.Qf4 Kh8 
15.Rd1 Bxc3+ 16.bxc3 Qf6 17.Qxf6+ Nxf6 18.Bc4 Nxe4 19.Rd4 Bf5 20.Rg7 Nd6 
21.Rf4 Rae8+ 22.Kd1 Re4 23.Rxe4 Bxe4 24.Bd3 Bxd3 25.cxd3 Rg8 26.Rg5 Rxg5 
27.hxg5 f6 28.f4 Kh7 29.Ke2 Kg6 30.Kf3 fxg5 31.fxg5 Nb5 32.c4 Nc3 33.a3 a5
34.Ke3 Nb1 35.d4 Nxa3 36.Kd3 b5 37.cxb5 Nxb5 38.Kc4 Nd6+ 39.Kb3 Kxg5 40.
Ka4 Kxh6 41.Kxa5 Kg5 42.Kb4 Kf6 43.Kc5 Ke7 44.Kc6 Kd8 45.Kc5 Kd7 46.Kd5 
c6+ 47.Kc5 Ne4+ 48.Kb6 Kd6 49.Kb7 Kd5 50.Kc7 Ng5 51.Kd7 Nf3 0-1

[Event "26th EUR-ch"]
[Site "Katowice POL"]
[Date "2026.04.13"]
[Round "6.166"]
[White "Hasson Schrager, Shalev"]
[Black "Topencik, Bruno"]
[Result "1-0"]
[WhiteElo "2110"]
[BlackElo "2265"]
[EventDate "2026.04.07"]
[PlyCount "113"]

1.e4 e6 2.d4 d5 3.Nc3 Bb4 4.e5 c5 5.Bd2 Ne7 6.a3 Bxc3 7.Bxc3 cxd4 8.Bxd4 
Nbc6 9.f4 Nxd4 10.Qxd4 Nc6 11.Qc5 Bd7 12.Nf3 Rc8 13.Qf2 f6 14.Bd3 O-O 15.
Qh4 f5 16.Qf2 Qa5+ 17.c3 Ne7 18.Nd4 a6 19.h3 Qb6 20.g4 Nc6 21.gxf5 Nxd4 
22.f6 Nc2+ 23.Bxc2 Qxf2+ 24.Kxf2 gxf6 25.Rhg1+ Kh8 26.Ke3 Rf7 27.exf6 Rxf6
28.Rg5 Rcf8 29.Rh5 h6 30.Rg1 Be8 31.Rh4 b6 32.Bd3 a5 33.b3 Bf7 34.Rhg4 Bh5
35.Rg7 R6f7 36.Rxf7 Rxf7 37.c4 Rd7 38.cxd5 exd5 39.Kd4 Bf7 40.Bg6 Bg8 41.
Bf5 Rd6 42.Rc1 Kg7 43.Ke5 Rd8 44.Rc7+ Kf8 45.Kd4 Rd6 46.Bd3 Bf7 47.f5 Kg7 
48.Ke5 Rd8 49.f6+ Kf8 50.Kd4 h5 51.h4 Re8 52.Rb7 Be6 53.Bg6 Rd8 54.Rh7 Bg8
55.Rh8 Rd6 56.Ke5 Re6+ 57.Kf5 1-0